| LEADER | 00800cam a2200241Ii 4500 | ||
|---|---|---|---|
| 001 | 007767335-2 | ||
| 005 | 20060526144833.0 | ||
| 008 | 780508s1949 ja 001 0 jpn d | ||
| 035 | 0 | |a ocm03875405 | |
| 040 | |a OSU |c OSU |d OCL | ||
| 100 | 1 | |6 880-01 |a Nakada, Kaoru, |d 1877-1967. | |
| 245 | 1 | 0 | |6 880-02 |a Mura oyobi iriai no kenkyū / |c Nakada Kaoru cho. |
| 260 | |6 880-03 |a Tōkyō : |b Iwanami Shoten, |c Shōwa 24 [1949] | ||
| 300 | |a 4, 2, 331, 7 p. ; |c 22 cm. | ||
| 500 | |a Colophon inserted. | ||
| 504 | |a Includes bibliographies and index. | ||
| 650 | 0 | |a Villages |z Japan. | |
| 650 | 0 | |a Commons |z Japan. | |
| 880 | 1 | |6 100-01 |a 中田薰, |d 1877-1967. | |
| 880 | 1 | 0 | |6 245-02 |a 村及び入會の硏究 / |c 中田薰著. |
| 880 | |6 260-03 |a 東京 : |b 岩波書店, |c 昭和24 [1949] | ||
| 988 | |a 20020608 | ||
| 906 | |0 OCLC | ||


